Education law as amended to July 1, 1930 ... (Record no. 21076)

MARC details
000 -LEADER
fixed length control field 00859cam a22002531 4500
001 - CONTROL NUMBER
control field e 31000009
003 - CONTROL NUMBER IDENTIFIER
control field DLC
005 - DATE AND TIME OF LATEST TRANSACTION
control field 20260227111220.0
008 - FIXED-LENGTH DATA ELEMENTS--GENERAL INFORMATION
fixed length control field 880212s1930 nyu l 000 0 eng c
010 ## - LIBRARY OF CONGRESS CONTROL NUMBER
LC control number e 31000009
035 ## - SYSTEM CONTROL NUMBER
System control number (OCoLC)17468977
040 ## - CATALOGING SOURCE
Original cataloging agency Library, U.S. Office of Education
Transcribing agency CLU
Modifying agency CLU
-- DLC
042 ## - AUTHENTICATION CODE
Authentication code premarc
050 00 - LIBRARY OF CONGRESS CALL NUMBER
Classification number LAW <United States New York (State) 4 "Educ">
110 1# - MAIN ENTRY--CORPORATE NAME
Corporate name or jurisdiction name as entry element New York (State)
240 00 - UNIFORM TITLE
Uniform title Laws, etc.
245 00 - TITLE STATEMENT
Title Education law as amended to July 1, 1930 ...
260 ## - PUBLICATION, DISTRIBUTION, ETC.
Place of publication, distribution, etc. Albany,
Name of publisher, distributor, etc. The University of the State of New York Press,
Date of publication, distribution, etc. 1930.
300 ## - PHYSICAL DESCRIPTION
Extent 3-337 p.
Dimensions 23 cm.
490 0# - SERIES STATEMENT
Series statement University of the State of New York bulletin ...
Volume/sequential designation no. 957. Oct. 1, 1930
500 ## - GENERAL NOTE
General note Cover-title.
650 #0 - SUBJECT ADDED ENTRY--TOPICAL TERM
Topical term or geographic name entry element Educational law and legislation
Geographic subdivision New York (State)
710 2# - ADDED ENTRY--CORPORATE NAME
Corporate name or jurisdiction name as entry element University of the State of New York.

No items available.

Powered by Koha